Kolektívna bezpečnosť alebo neutralita Nad knihou Valeriána Bystrického

Bibliographic Details
Main Authors: Žilinský, Gabriel (Author), Bystrický, Valerián, 1936-2017 (Author)
Format: Article
Language:Slovak
Subjects:

MARC

LEADER 00000nab a2200000 a 4500
001 vtls000103985
003 SK-MaSNL
005 20260303022432.0
008 111104c1981 xo 0 slo
015 |a SNBRB19rr/mm-uuuuu 
035 |a CL0114088 
040 |a SNKBUCL  |b slo  |c SNKBUCL  |e AACR2 
041 0 |a slo 
044 |a xo  |c SK 
080 |a 949.7  |2 1981 
100 1 |a Žilinský, Gabriel  |4 aut  |9 1003472 
245 1 0 |a Kolektívna bezpečnosť alebo neutralita  |b Nad knihou Valeriána Bystrického  |c Gabriel Žilinský ; Valerián Bystrický 
650 0 7 |a Európa juhovýchodná  |2 snkbucl  |9 1004344 
650 0 7 |a štáty balkánske  |2 snkbucl  |9 942819 
650 0 7 |a zahraničná politika  |2 snkbucl  |9 971 
655 7 |a články z novín a časopisov  |2 snkbucl  |9 267496 
700 1 |a Bystrický, Valerián,  |d 1936-2017  |4 aut  |9 162873 
773 0 |t Pravda  |g Roč. 62, č. 261 (4. 11. 1981), s. 6 
787 0 8 |i Rec.:  |a Bystrický, Valerián  |t Kolektívna bezpečnosť alebo neutralita. (Balkánske štáty a vytváranie záruk bezpečnosti v 30. rokoch.)  |d Veda : Bratislava, 1981 
850 |a Slovenská národná knižnica v Martine  |a MTA001 
852 |a SNK  |b KIS3GCP 
958 |a RK 
992 |a RBX 
999 |c 1628849  |d 1630779